Cincinnati Bengals: Most Passing TDs Each Year - Statistics

General Stats
  • This quiz has been taken 1,053 times
    163 since last reset
  • The average score is 40 of 57
Answer Stats
Year Player TDs % Correct
2020 Joe Burrow 13
100%
2021 Joe Burrow 34
100%
2022 Joe Burrow 35
100%
2023 Joe Burrow 15
100%
2024 Joe Burrow 43
100%
2011 Andy Dalton 20
95%
2012 Andy Dalton 27
95%
2013 Andy Dalton 33
95%
2014 Andy Dalton 19
95%
2015 Andy Dalton 25
95%
2016 Andy Dalton 18
95%
2017 Andy Dalton 25
95%
2018 Andy Dalton 21
95%
2019 Andy Dalton 16
95%
2004 Carson Palmer 18
90%
2005 Carson Palmer 32
90%
2006 Carson Palmer 28
90%
2007 Carson Palmer 26
90%
2009 Carson Palmer 21
90%
2010 Carson Palmer 26
90%
1985 Boomer Esiason 27
86%
1986 Boomer Esiason 24
86%
1987 Boomer Esiason 16
86%
1988 Boomer Esiason 28
86%
1989 Boomer Esiason 28
86%
1990 Boomer Esiason 24
86%
1991 Boomer Esiason 13
86%
1992 Boomer Esiason 11
86%
1997 Boomer Esiason 13
86%
1972 Ken Anderson 7
78%
1973 Ken Anderson 18
78%
1974 Ken Anderson 18
78%
1975 Ken Anderson 21
78%
1976 Ken Anderson 19
78%
1977 Ken Anderson 11
78%
1978 Ken Anderson 10
78%
1979 Ken Anderson 16
78%
1981 Ken Anderson 29
78%
1982 Ken Anderson 12
78%
1983 Ken Anderson 12
78%
1984 Ken Anderson 10
78%
2000 Akili Smith / Scott Mitchell 3
48%
2001 Jon Kitna 12
40%
2002 Jon Kitna 16
40%
2003 Jon Kitna 26
40%
2008 Ryan Fitzpatrick 8
38%
1994 Jeff Blake 14
34%
1995 Jeff Blake 28
34%
1996 Jeff Blake 24
34%
1999 Jeff Blake 16
34%
1993 David Klingler 6
17%
1970 Virgil Carter 9
16%
1971 Virgil Carter 10
16%
1998 Neil O'Donnell 15
13%
1969 Greg Cook 15
12%
1968 John Stofa 5
8%
1980 Jack Thompson 11
6%
No matching quizzes found
Score Distribution
Percent of People with Each Score
Percentile by Number Answered
Your Score History
You have not taken this quiz since the last reset